[Event "Jorge Alvarez Memorial 13th"]
[Site "El Ejido"]
[Date "2007.07.09"]
[Round "1"]
[White "Baklan, Vladimir"]
[Black "Barranco del Pino, Antonio"]
[Result "1-0"]
[WhiteElo "2648"]
[BlackElo "1976"]
[PlyCount "29"]
[EventDate "2007.07.09"]
[EventType "swiss"]
[EventRounds "9"]
[EventCountry "ESP"]
[SourceTitle "EXT 2008"]
[Source "ChessBase"]
[SourceDate "2007.11.25"]
[SourceVersion "1"]
[SourceVersionDate "2007.11.25"]
[SourceQuality "1"]

1. e4 Nf6 2. e5 Ng8 3. d4 d5 4. Nf3 Bg4 5. c4 Bxf3 6. Qxf3 Nc6 7. cxd5 Nxd4 8. Qe4 c5 9. Nc3 f5 10. Qd3 g6 11. Be3 Qb6 12. b4 e6 13. bxc5 Qb2 14. Rb1 Nc2+ 15. Kd2 1-0

[Event "Almeria 2nd"]
[Site "Almeria"]
[Date "2007.??.??"]
[Round "1"]
[White "Arboledas Fernandez, Antonio A"]
[Black "Barranco del Pino, Antonio"]
[Result "1-0"]
[WhiteElo "2059"]
[BlackElo "1963"]
[PlyCount "59"]
[EventDate "2007.12.06"]
[EventType "tourn"]
[EventRounds "9"]
[EventCountry "ESP"]
[SourceTitle "CBM 121 Extra"]
[Source "ChessBase"]
[SourceDate "2008.01.10"]
[SourceVersion "1"]
[SourceVersionDate "2008.01.10"]
[SourceQuality "1"]

1. d4 e6 2. e3 d6 3. Bd3 Bd7 4. f4 g6 5. Nf3 Bg7 6. e4 Nf6 7. 0-0 0-0 8. c4 Nc6 9. Nc3 a6 10. h3 Rb8 11. Be3 b6 12. a3 Qc8 13. Qd2 Rd8 14. Rae1 Ne7 15. Qf2 Ne8 16. g4 f5 17. Qh4 Bf6 18. Ng5 Bxg5 19. Qxg5 Kf7 20. Bf2 Nf6 21. d5 h6 22. Qh4 Rg8 23. Bd4 g5 24. Qf2 Rg6 25. dxe6+ Bxe6 26. exf5 Nxf5 27. Rxe6 Nxd4 28. Bxg6+ Kxg6 29. Rxf6+ Kxf6 30. Qxd4+ 1-0

[Event "Almeria 2nd"]
[Site "Almeria"]
[Date "2007.??.??"]
[Round "2"]
[White "Barranco del Pino, Antonio"]
[Black "Martinez Garcia, Diego Jesus"]
[Result "1/2-1/2"]
[WhiteElo "1963"]
[BlackElo "2127"]
[PlyCount "81"]
[EventDate "2007.12.06"]
[EventType "tourn"]
[EventRounds "9"]
[EventCountry "ESP"]
[SourceTitle "CBM 121 Extra"]
[Source "ChessBase"]
[SourceDate "2008.01.10"]
[SourceVersion "1"]
[SourceVersionDate "2008.01.10"]
[SourceQuality "1"]

1. d4 Nf6 2. Bg5 e6 3. e3 c5 4. c3 cxd4 5. exd4 Be7 6. Nd2 0-0 7. Bd3 d6 8. Ngf3 Nbd7 9. 0-0 b6 10. Re1 Bb7 11. Qe2 Re8 12. Qf1 Qc7 13. Rac1 Nf8 14. Ne4 Bxe4 15. Bxe4 Nxe4 16. Rxe4 d5 17. Bf4 Bd6 18. Bxd6 Qxd6 19. Re3 Ng6 20. g3 Ne7 21. Rce1 Nf5 22. Re5 Qc6 23. Qh3 Qd7 24. g4 f6 25. R5e2 Nd6 26. Nd2 Re7 27. f4 Rae8 28. Qg3 a5 29. Re3 a4 30. h3 b5 31. R1e2 Nc4 32. Nxc4 bxc4 33. Qe1 Rb8 34. f5 e5 35. dxe5 fxe5 36. Rxe5 Rxe5 37. Rxe5 Rxb2 38. Rxd5 Qc6 39. Qe4 Qb6+ 40. Rd4 h6 41. Qe8+ 1/2-1/2